| 000 | 00891cam a22003017a 4500 | ||
|---|---|---|---|
| 003 | CHAP | ||
| 005 | 20220329140724.0 | ||
| 008 | 971013s1940 r 00010 d | ||
| 010 | _a56562 | ||
| 011 | _a57534 | ||
| 035 | _a61689 | ||
| 040 | _cCHAP | ||
| 082 |
_a575.1 _bS59 |
||
| 100 | 0 | 0 |
_aSnyder, Laurence H. _9107250 |
| 245 | 1 | 4 | _aThe principles of heredity |
| 250 | _a2 ed. | ||
| 260 |
_a(Bosto) : _bBoston Health, _c1940 |
||
| 300 |
_a452 p. B _b:AA: ilus. |
||
| 590 |
_aBATCH-UPD _b10 _c20130110 _lUCH01 _h0345 |
||
| 590 |
_aBATCH-UPD _b10 _c20130110 _lUCH01 _h1837 |
||
| 590 |
_aCONVERSION _b10 _c20130109 _lUCH01 _h1330 |
||
| 650 | 1 | 4 |
_aHerencia. _953725 |
| 700 | 0 |
_aDaird, Paul R. _930913 |
|
| 901 | _aBK | ||
| 942 | _cLIBRO | ||
| 949 |
_a575.1 S59 _bBC _cLIBRO _d33724000400552 _eLIBRO _h8535 _i61689 _si |
||
| 949 |
_a575.1 S59 _bBC _cLIBRO _d33724000400628 _eLIBRO _fc.2 _h8536 _i61689 _si |
||
| 999 |
_c56562 _d56562 |
||